Nibandh-Drishti / (Record no. 1908)
[ view plain ]
| 000 -LEADER | |
|---|---|
| fixed length control field | 00561nam a22001937a 4500 |
| 003 - CONTROL NUMBER IDENTIFIER | |
| control field | OSt |
| 005 - DATE AND TIME OF LATEST TRANSACTION | |
| control field | 20260421020003.0 |
| 008 - FIXED-LENGTH DATA ELEMENTS--GENERAL INFORMATION | |
| fixed length control field | 260306b |||||||| |||| 00| 0 eng d |
| 020 ## - INTERNATIONAL STANDARD BOOK NUMBER | |
| International Standard Book Number | 9789360824938 |
| 040 ## - CATALOGING SOURCE | |
| Language of cataloging | English |
| Transcribing agency | Central Library IIT Goa |
| 082 ## - DEWEY DECIMAL CLASSIFICATION NUMBER | |
| Classification number | 808.042 |
| Item number | DIV |
| 100 ## - MAIN ENTRY--PERSONAL NAME | |
| Personal name | Divyakirti, Vikas |
| Relator term | author |
| 9 (RLIN) | 3766 |
| 245 ## - TITLE STATEMENT | |
| Title | Nibandh-Drishti / |
| Statement of responsibility, etc. | Vikas Divyakirti & Nishant Jain |
| 260 ## - PUBLICATION, DISTRIBUTION, ETC. | |
| Place of publication, distribution, etc. | Delhi : |
| Name of publisher, distributor, etc. | VDK Publication Pvt. Ltd. , |
| Date of publication, distribution, etc. | 2025 |
| 300 ## - PHYSICAL DESCRIPTION | |
| Extent | 541p. |
| 650 ## - SUBJECT ADDED ENTRY--TOPICAL TERM | |
| Topical term or geographic name entry element | Hindi essays |
| 9 (RLIN) | 3345 |
| 700 ## - ADDED ENTRY--PERSONAL NAME | |
| Personal name | Jain, Nishant |
| Relator term | author |
| 9 (RLIN) | 3767 |
| 942 ## - ADDED ENTRY ELEMENTS (KOHA) | |
| Source of classification or shelving scheme | Dewey Decimal Classification |
| Koha item type | Books |
| Koha issues (borrowed), all copies | 2 |
| Withdrawn status | Lost status | Source of classification or shelving scheme | Damaged status | Not for loan | Collection code | Home library | Current library | Shelving location | Date acquired | Source of acquisition | Cost, normal purchase price | Total Checkouts | Full call number | Barcode | Checked out | Date last seen | Date last checked out | Copy number | Cost, replacement price | Price effective from | Koha item type | Public note |
|---|---|---|---|---|---|---|---|---|---|---|---|---|---|---|---|---|---|---|---|---|---|---|
| Dewey Decimal Classification | Hindi | IIT Goa Central Library | IIT Goa Central Library | Fiction | 2026-03-06 | Rajasthani Granthagar | 460.00 | 2 | 808.042 DIV | 4653 | 2026-05-20 | 2026-04-20 | 2026-04-20 | 1 | 460.00 | 2026-03-06 | Books | RG/2526/656||11-02-2026||20.00% |